000 01028cam a22001934a 4500
005 20250605164121.0
008 250528s ||||||||||||||||||||||||d
035 _a18285
020 _a521287103
040 _aGR-AtMCL
_bgre
_dGR-AtMCL
_eAACR2
245 1 _aBereavement and Health / The Psychological and Physical Consequences of Partner Loss
260 _bCambridge University Press,
_c1994
300 _a294
520 _aA comprehensive review of what is known about the impact of bereavement on surviving partners. Preface, Introduction, The Symptomatology of Grief, Is Grief Universal? Cultural Variations in the Emotional Reactions to Loss, Depression Models of Grief, Stress Models of Grief, Mediators Between Stress and Illness, The Loss Effect: Health Consequences of Marital Bereavement, Risk Factors in Bereavement Outcome, Reducting the Risk of Poor Bereavement Outcome, References, Author and Subject Index.
700 1 _aStroebe Wolfang Stroebe
_9364
942 _cBK
999 _c3651
_d3651